000 00882nam0a22002531 4500
001 rc\2898664
005 20250529220214.0
035 _a(NLR Aleph) 007050136
090 _a6182442
_c6182442
100 _a20110729d1932 |||y0rusy50 ca
101 0 _arus
102 _aRU
105 _ac z |||||
200 1 _aПередовой пост
_eПервая книга стихов
_fСергей Фиксин
_g[Предисл.: А. Дорожинский]
210 _a[Ржев]
_cБ. и.
_d1932
_gтип. Запполиграфтреста
215 _aОбл., 69 с.
_cпортр.
_d14×10 см
300 _aОбл.: Конюков
700 1 _aФиксин
_bС.А.
_f1907-1978
_gСергей Андреевич
702 1 _aДорожинский
_bА.
_4080
801 0 _aRU
_bNLR
_gpsbo
801 1 _aRU
_bELAR
_2rusmarc
852 _aNLR
_j32-15/399(1)
942 _cBOOK
980 _aNB